5HLuxD.jpg

KING HENRY VIII SENIOR AND PRIMARY SCHOOL LIBRARY OPAC

The sun is also a star / (Record no. 1007)

000 -LEADER
fixed length control field 01714pam a2200337 i 4500
001 - CONTROL NUMBER
control field 020695153
003 - CONTROL NUMBER IDENTIFIER
control field UkOxU
005 - DATE AND TIME OF LATEST TRANSACTION
control field 20200312153512.0
008 - FIXED-LENGTH DATA ELEMENTS--GENERAL INFORMATION
fixed length control field 160701s2016 enk j 000|1|eng d
015 ## - NATIONAL BIBLIOGRAPHY NUMBER
National bibliography number GBB6C2865
Source bnb
016 7# - NATIONAL BIBLIOGRAPHIC AGENCY CONTROL NUMBER
Record control number 017999311
Source Uk
020 ## - INTERNATIONAL STANDARD BOOK NUMBER
International Standard Book Number 9780552574242 (pbk.) :
035 ## - SYSTEM CONTROL NUMBER
System control number (Uk)017999311
040 ## - CATALOGING SOURCE
Original cataloging agency StDuBDS
Language of cataloging eng
Description conventions rda
Transcribing agency StDuBDS
Modifying agency Uk
042 ## - AUTHENTICATION CODE
Authentication code ukblcatcopy
082 04 - DEWEY DECIMAL CLASSIFICATION NUMBER
Classification number FIC YOO
Edition number 23
100 1# - MAIN ENTRY--PERSONAL NAME
Personal name Yoon, Nicola,
Relator term author.
245 14 - TITLE STATEMENT
Title The sun is also a star /
Statement of responsibility, etc. Nicola Yoon.
264 #1 - PRODUCTION, PUBLICATION, DISTRIBUTION, MANUFACTURE, AND COPYRIGHT NOTICE
Place of production, publication, distribution, manufacture London :
Name of producer, publisher, distributor, manufacturer Corgi Children's,
Date of production, publication, distribution, manufacture, or copyright notice 2016.
300 ## - PHYSICAL DESCRIPTION
Extent 348 pages ;
Dimensions 20 cm
336 ## - CONTENT TYPE
Content type term text
Source rdacontent
337 ## - MEDIA TYPE
Media type term unmediated
Source rdamedia
338 ## - CARRIER TYPE
Carrier type term volume
Source rdacarrier
500 ## - GENERAL NOTE
General note Formerly CIP.
Institution to which field applies Uk
520 ## - SUMMARY, ETC.
Summary, etc. Natasha:<br/>I'm a girl who believes in science and facts. Not fate. Not destiny. Or dreams that will never come true.<br/><br/>I'm definitely not the kind of girl who meets a cute boy on a crowded New York City street and falls in love with him.<br/><br/>Not when my family is twelve hours away from being deported to Jamaica. Falling in love with him won't be my story.<br/><br/>Daniel:<br/>I've always been the good son, the good student, living up to my parents' high expectations.<br/><br/>Never the poet. Or the dreamer.<br/><br/>But when I see her, I forget about all that. Something about Natasha makes me think that fate has something much more extraordinary in store-for both of us.<br/><br/>The Universe:<br/>Every moment in our lives has brought us to this single moment. A million futures lie before us. Which one will come true?
530 ## - ADDITIONAL PHYSICAL FORM AVAILABLE NOTE
Additional physical form available note Also issued online.
651 #0 - SUBJECT ADDED ENTRY--GEOGRAPHIC NAME
Geographic name New York (N.Y.)
Form subdivision Fiction.
655 #0 - INDEX TERM--GENRE/FORM
Genre/form data or focus term Romance fiction.
655 #0 - INDEX TERM--GENRE/FORM
Genre/form data or focus term Young adult fiction.
942 ## - ADDED ENTRY ELEMENTS (KOHA)
Source of classification or shelving scheme
Koha item type Books - Fiction
Holdings
Withdrawn status Lost status Source of classification or shelving scheme Damaged status Not for loan Collection code Permanent Location Current Location Shelving location Date acquired Total Checkouts Full call number Barcode Date last seen Date last checked out Price effective from Koha item type
          Fiction KH8 Senior School Library KH8 Senior School Library Fiction 2020-03-12 6 FIC YOO 3KHSL000101750 2025-03-27 2025-02-06 2020-03-12 Books - Fiction

Powered By KH8 IT Dept